ბათუმის შოთა რუსთაველის სახელმწიფო უნივერსიტეტის ბიბლიოთეკა

ბიოეთიკა : (ბიბ.ჩანაწერი № 41059)

000 -ლიდერი
ფიქსირებული სიგრძის საკონტროლო ველი 01283nam a2200241Ia 4500
001 - საკონტროლო ნომერი
საკონტროლო ველი 7708
003 - საკონტროლო ნომრის იდენტიფიკატორი
საკონტროლო ველი GE_BSU
005 - ბოლო ოპერაციის თარიღი და დრო
საკონტროლო ველი 20190502111906.0
008 - ფიქსირებული სიგრძის მონაცემთა ელემენტები - ზოგადი ინფორმაცია
ფიქსირებული სიგრძის საკონტროლო ველი 181216s2011||||ge |||||||||||||| ||geo||
020 ## - წიგნის საერთაშორისო სტანდარტული ნომერი
International Standard Book Number 9789941124860
040 ## - კატალოგიზაციის წყარო
Transcribing agency GE_BSU
041 ## - ენის კოდი
Language code of text/sound track or separate title geo
080 ## - უნივერსალური ათობითი კლასიფიკაციის ინდექსი
Universal Decimal Classification number 174:61(075.8)+614.253(075.8) მ-25
100 ## - მთავარი ჩანაწერი - პიროვნების სახელი
Personal name მამულაშვილი, ბელა.
9 (RLIN) 628
245 ## - ცნობა სათაურის შესახებ
Title ბიოეთიკა :
Remainder of title ახელმძღვანელო უმაღლესი და საშ. სპეციალური სასწავ. სტუდენტებისთვის /
Statement of responsibility, etc ბ. მირიანაშვილი; რედაქტორი: რამაზ ხეცურიანი; გარე კანის მხატვ. ნანა ვეკუა /
250 ## - გამოცემის ცნობა
Edition statement მე-11 განახლ. გამოც.
Remainder of edition statement სახელმძღვანელო
264 ## - წარმოების, გამოცემის, დისტრიბუციის და სხვა ცნობები
გამოცემის, წარმოების, დისტრიბუციის... ადგილი თბილისი:
გამოცემის, წარმოების, დისტრიბუციის... სახელწოდება უნივერსალი,
გამოცემის, წარმოების, დისტრიბუციის... თარიღი 2011.
300 ## - ფიზიკური აღწერა
Extent 375 გვ;
Other physical details 19 სმ.
653 ## - INDEX TERM--UNCONTROLLED
Uncontrolled term ბიოეთიკა
700 ## - ADDED ENTRY--PERSONAL NAME
Personal name ხეცურიანი, რამაზ
Relator term რედაქტორი
9 (RLIN) 629
700 ## - ADDED ENTRY--PERSONAL NAME
Personal name ვეკუა, ნანა
Relator term გარე კანის მხატვარი
9 (RLIN) 630
942 ## - ADDED ENTRY ELEMENTS (KOHA)
Koha item type წიგნი
Source of classification or shelving scheme
ეგზემპლარები
ჩამოწერის სტატუსი დაკარგული ეგზემპლარის სტატუსი კლასიფიკაციის წყარო ან თაროზე გაწყობის სქემა დაზიანების სტატუსი არ გაიცემა მუდმივი მდებარეობა (დაცვის ადგილი) ამჟამინდელი ადგილსამყოფელი თაროზე განთავსების ადგილი შეძენის თარიღი ღირებულება, შესყიდვის ნორმალური ფასი სრული შენახვის შიფრი შტრიხკოდი ბოლო ოპერაციის თარიღი ეგზემპლარის მიმდევრობითი ნომერი (კეტერი?) ფასის ძალაში შესვლის თარიღი ეგზემპლარის სახეობა საჯარო შენიშვნა
          ბათუმის შოთა რუსთაველის სახელმწიფო უნივერსიტეტის მთავარი ბიბლიოთეკა ბათუმის შოთა რუსთაველის სახელმწიფო უნივერსიტეტის მთავარი ბიბლიოთეკა წიგნსაცავი 2018-12-17 20.00 174:61(075.8)+614.253(075.8) მ-25 4070 2018-12-17 4070 2018-12-17 წიგნი 20 ლ.
          ბათუმის შოთა რუსთაველის სახელმწიფო უნივერსიტეტის მთავარი ბიბლიოთეკა ბათუმის შოთა რუსთაველის სახელმწიფო უნივერსიტეტის მთავარი ბიბლიოთეკა წიგნსაცავი 2018-12-17 20.00 174:61(075.8)+614.253(075.8) მ-25 4071 2018-12-17 4071 2018-12-17 წიგნი 20 ლ.